| 000 | 01108cam a22002054a 4500 | ||
|---|---|---|---|
| 005 | 20250605164054.0 | ||
| 008 | 250528s ||||||||||||||||||||||||d | ||
| 035 | _a17387 | ||
| 020 | _a24174009 | ||
| 040 |
_aGR-AtMCL _bgre _dGR-AtMCL _eAACR2 |
||
| 245 | 1 | _aThe Theory of Price / Fourth Edition | |
| 250 | _a4th | ||
| 260 |
_bMacmillan Publishing Company, _c1987 |
||
| 300 | _a376 | ||
| 520 | _aIntroduction to Economic Analysis, Prices and the Enterprise Economy, Consumer Behavior, The Theory of Utility, Pricing with Limited Supplies, The Supplies of Productive Services, Costs and Production, Production: Diminishing Returns, Production: Returns to Scale, Additional Topics in Production and Costs, The General Theory of Competitive Prices, The Theory of Monopoly, Oligopoly and Cartels and Mergers, The Economics of Information, The Demand for Productive Services, Rents and Quasi-Rents, Wage Theory, The Size Distribution of Income, Capital and Interest, The Economy and the State, Appendices, Index. | ||
| 700 | 1 |
_aStigler George J _93543 |
|
| 942 | _cBK | ||
| 999 |
_c2810 _d2810 |
||